|
|
|
|
| LEADER |
00000nam0a2200000 4500 |
| 001 |
333438 |
| 005 |
20231102004545.0 |
| 010 |
|
|
|a 9785915224376
|
| 035 |
|
|
|a (RuTPU)RU\TPU\book\359433
|
| 090 |
|
|
|a 333438
|
| 100 |
|
|
|a 20170615d2017 k y0rusy50 ca
|
| 101 |
0 |
|
|a rus
|
| 102 |
|
|
|a RU
|
| 105 |
|
|
|a a z 001zy
|
| 200 |
1 |
|
|a Случайная природа и вероятностная модель измельчения материалов
|f В. П. Малышев [и др.]
|
| 210 |
|
|
|a Москва
|c Научный мир
|d 2017
|
| 215 |
|
|
|a 260 с.
|c ил.
|
| 320 |
|
|
|a Библиогр.: с. 195-205
|
| 330 |
|
|
|a Процесс измельчения материалов в барабанных шаровых мельницах рассмотрен в свете подчинения закономерностям динамического хаоса на основе подобия с теорией молекулярных соударений и кинетикой необратимых последовательных реакций неограниченного порядка. Раскрыта природа практически всех особенностей измельчения как результата взаимодействия концентрационного, стерического, активационного и частотного факторов в рамках единой вероятностной модели процесса. Дано описание работы шаровых, стержневых и мельниц самоизмельчения с учетом возврата песков и стадиальности процесса. Представлены методы адаптации полученной модели к реальным условиям. Впервые показано, что измельчение материалов сопровождается понижением энтропии смешения фракций в соответствии со стабилизацией логарифмически нормального их распределения. Это свидетельствует о самоорганизации хаотизированной механической системы измельчаемых и мелющих тел. Книга может представить теоретический и практический интерес для начинающих и специалистов в области обогащения руд, а также для тех, кто пожелает использовать конструктивную роль хаотического начала в технических и иных системах.
|
| 606 |
1 |
|
|a Руды
|x Измельчение
|x Математические исследования
|2 stltpush
|3 (RuTPU)RU\TPU\subj\26112
|9 50117
|
| 610 |
1 |
|
|a шаровые мельницы
|
| 610 |
1 |
|
|a теория вероятностей
|
| 610 |
1 |
|
|a разработка
|
| 610 |
1 |
|
|a модельные объекты
|
| 610 |
1 |
|
|a проверка
|
| 610 |
1 |
|
|a адаптация
|
| 610 |
1 |
|
|a практические данные
|
| 610 |
1 |
|
|a молекулярные взаимодействия
|
| 610 |
1 |
|
|a хаос
|
| 610 |
1 |
|
|a порядок
|
| 610 |
1 |
|
|a зерна
|
| 610 |
1 |
|
|a разрушение шарами
|
| 610 |
1 |
|
|a физические модели
|
| 610 |
1 |
|
|a математические модели
|
| 610 |
1 |
|
|a измельчающие процессы
|
| 610 |
1 |
|
|a фракционный состав
|
| 610 |
1 |
|
|a самоизмельчение
|
| 610 |
1 |
|
|a стержневые мельницы
|
| 675 |
|
|
|a 622.73
|v 4
|
| 701 |
|
1 |
|a Малышев
|b В. П.
|g Виталий Павлович
|
| 701 |
|
1 |
|a Макашева
|b А. М.
|g Астра Мундуковна
|
| 701 |
|
1 |
|a Кайкенов
|b Д. А.
|g Даулетхан Асанович
|
| 701 |
|
1 |
|a Зубрина
|b Ю. С.
|g Юлия Сергеевна
|
| 801 |
|
1 |
|a RU
|b 63413507
|c 20170615
|
| 801 |
|
2 |
|a RU
|b 63413507
|c 20200127
|g RCR
|
| 942 |
|
|
|c BK
|
| 959 |
|
|
|a 2/20170120
|d 1
|e 650,00
|f ЧЗТЛ:1
|